Acteurs et actrices français nommés aux Oscars (meilleur acteur ou meilleure actrice) - Statistiques

Statistiques générales
  • Ce quiz a été pris 576 fois
  • Le résultat moyen est 6 sur 15
Statistiques - réponses
Indice Réponse % Correct
Gagnant en 2012 Jean Dujardin
91%
Gagnante en 2008, nominée en 2015 Marion Cotillard
91%
Gagnante en 1960, nominée en 1966 Simone Signoret
58%
Nominée en 1993 Catherine Deneuve
57%
Nominé en 1991 Gérard Depardieu
56%
Nominée en 2017 Isabelle Huppert
54%
Nominée en 2001 Juliette Binoche
51%
Nominée en 1990 et 1976 Isabelle Adjani
42%
Nominée en 2013 Emmanuelle Riva
24%
Gagnante en 1935, nommée en 1945 et 1936 Claudette Colbert
22%
Double nomination en 1930 Maurice Chevalier
17%
Nominée en 1967 Anouk Aimée
12%
Nominé en 1962, 1945, 1939 et 1938 Charles Boyer
7%
Nominée en 1977 Marie-Christine Barrault
7%
Nominée en 1964 et 1954 Leslie Caron
6%
Aucun quiz correspondant
Distribution des résultats
% des personnes avec chaque résultat
Percentile par nombre de réponses
Votre historique - résultats
Vous n’avez pas pris ce quiz